[Event "Lovely!!!!"]
[Site "http://www.queenalice.com/game.php?id=1266647"]
[Date "2014.3.20"]
[Round "-"]
[White "RobertoH"]
[Black "Camy"]
[Result "0-1"]
[WhiteElo "1221"]
[BlackElo "1547"]

1. d4 d5 2. Nc3 Nf6 3. Nf3 Nc6 4. Bf4 Be6 5. e3 Bf5 6. Bd3 Bxd3 7. Qxd3 e6 8.
Nb5 Bd6 9. Bxd6 cxd6 10. O-O O-O 11. h3 Ne4 12. a4 Nb4 13. Qa3 Nxc2 14. Qb3 Nxa1
15. Qa3 Nc2 16. Qa2 a6 17. Nc3 Qf6 18. Qb1 Nb4 19. a5 Nxc3 20. Re1 Nxb1 21. Rxb1
h6 22. b3 Nd3 23. g4 Qxf3 24. b4 b5 25. e4 dxe4 26. Rd1 Qxf2+ 27. Kh1 Qf3+ 28.
Kg1 Qxd1+ 29. Kg2 Qf3+ 30. Kh2 Nf2 31. h4 e3 32. Kg1 Qh1# 0-1

[Event "Sweet Heart"]
[Site "http://www.queenalice.com/game.php?id=1269032"]
[Date "2014.3.29"]
[Round "-"]
[White "Camy"]
[Black "RobertoH"]
[Result "1-0"]
[WhiteElo "1521"]
[BlackElo "1217"]

1. Nf3 Nf6 2. Nc3 d5 3. d4 Nc6 4. Bf4 Bf5 5. e3 Nb4 6. Bd3 Nxd3+ 7. cxd3 Bxd3 8.
Qxd3 e6 9. Ne5 c6 10. O-O Bd6 11. Bg5 h6 12. Bxf6 gxf6 13. Ng4 h5 14. Na4 hxg4
15. g3 Qe7 16. f4 f5 17. Nc5 O-O-O 18. Qb3 Bxc5 19. dxc5 e5 20. Qc3 exf4 21.
exf4 d4 22. Qb4 Qe3+ 23. Kh1 b5 24. Qa5 Kb8 25. Rfe1 Qd3 26. Re7 Qf3+ 27. Kg1 a6
28. Qb6+ Kc8 29. Qc7# 1-0

[Event "I pray returns!!"]
[Site "http://www.queenalice.com/game.php?id=1273104"]
[Date "2014.4.14"]
[Round "-"]
[White "Camy"]
[Black "RobertoH"]
[Result "1-0"]
[WhiteElo "1574"]
[BlackElo "1212"]

1. d4 d5 2. Nf3 Nc6 3. Nc3 Bf5 4. Bf4 e6 5. Ne5 Nxd4 6. e3 Nc6 7. Bd3 d4 8. exd4
Nxd4 9. O-O Bd6 10. g3 Nf6 11. Ne4 Bxe4 12. Bxe4 c5 13. c3 Nc6 14. Re1 O-O 15.
Bg5 Bxe5 16. Qf3 h6 17. Bxf6 Bxf6 18. Rad1 Qc7 19. Qd3 g6 20. h4 Ne5 21. Qd2 Nc4
22. Qxh6 Bg7 23. Qg5 f6 24. Qxg6 Qa5 25. b3 Nb2 26. Rd7 Qxc3 27. Qxg7# 1-0

[Event "Desolado.."]
[Site "http://www.queenalice.com/game.php?id=1282875"]
[Date "2014.5.20"]
[Round "-"]
[White "Vivianna"]
[Black "RobertoH"]
[Result "0-1"]
[WhiteElo "1375"]
[BlackElo "1210"]

1. Nc3 e5 2. e4 Nf6 3. Nf3 Nc6 4. Bc4 Qe7 5. d3 Nd4 6. Nxd4 exd4 7. Nd5 Nxd5 8.
Bxd5 c6 9. Bc4 d5 10. Qf3 dxc4 11. O-O Be6 12. Bf4 Qb4 13. Rab1 Bd6 14. Bxd6
Qxd6 15. c3 c5 16. cxd4 cxd4 17. dxc4 Bxc4 18. Rfe1 O-O 19. e5 Qg6 20. b3 Ba6
21. Rbc1 Rfe8 22. Rc7 Red8 23. g3 d3 24. e6 fxe6 25. h4 d2 26. Rd1 Bd3 27. Rxd2
Rd4 28. Rxb7 a5 29. Qc6 Qg4 30. Qd7 Rxd7 31. Rxd7 Qh3 32. f4 Qxg3+ 33. Kh1 Qh3+
34. Rh2 Qf1# 0-1

[Event "Sanar el Corazón.."]
[Site "http://www.queenalice.com/game.php?id=1291891"]
[Date "2014.7.2"]
[Round "-"]
[White "Camy"]
[Black "RobertoH"]
[Result "1-0"]
[WhiteElo "1609"]
[BlackElo "1210"]

1. d4 d5 2. Nc3 Nc6 3. Bf4 Bf5 4. e3 e6 5. Be5 Bd6 6. Bxg7 Nge7 7. Bxh8 Kd7 8.
Bf6 Qg8 9. Bd3 Qxg2 10. Qf3 Qxh1 11. Qxh1 Nb4 12. e4 Nxc2+ 13. Bxc2 dxe4 14.
Bxe4 Bxe4 15. Qxe4 Bxh2 16. Nf3 Bd6 17. Qxb7 Bb4 18. Kf1 Rg8 19. Qxb4 Rg6 20.
Qxe7+ Kc8 21. Nb5 Rg8 22. Qxc7# 1-0

[Event "Palabras del Alma"]
[Site "http://www.queenalice.com/game.php?id=1294155"]
[Date "2014.7.12"]
[Round "-"]
[White "RobertoH"]
[Black "Camy"]
[Result "0-1"]
[WhiteElo "1210"]
[BlackElo "1624"]

1. Nc3 Nc6 2. Nf3 Nf6 3. e4 e5 4. Bc4 d6 5. d3 Nd4 6. Be3 Be6 7. O-O h6 8. Bxe6
fxe6 9. Bxd4 exd4 10. Na4 Be7 11. b3 O-O 12. e5 dxe5 13. Nxe5 Bd6 14. Qf3 Bxe5
15. Rfe1 Qd6 16. h3 Bh2+ 17. Kf1 b5 18. Nb2 Nd5 19. Qh5 Qb4 20. g3 Qd2 21. Red1
Qxf2# 0-1

[Event "Lean on me "]
[Site "http://www.queenalice.com/game.php?id=1297738"]
[Date "2014.7.28"]
[Round "-"]
[White "Camy"]
[Black "RobertoH"]
[Result "1-0"]
[WhiteElo "1645"]
[BlackElo "1259"]

1. d4 d5 2. Nc3 Nf6 3. Nf3 Nc6 4. Ne5 e6 5. Bf4 Bd6 6. e3 Bb4 7. Bd3 O-O 8. O-O
Bxc3 9. bxc3 Qd6 10. Qf3 Nxe5 11. Bxe5 Qc6 12. Rfe1 Ne4 13. Qg4 g6 14. Qf4 Nd2
15. Qf6 Qxc3 16. Qg7# 1-0

[Event "Mousse au chocolat!"]
[Site "http://www.queenalice.com/game.php?id=1299921"]
[Date "2014.8.7"]
[Round "-"]
[White "RobertoH"]
[Black "Camy"]
[Result "0-1"]
[WhiteElo "1258"]
[BlackElo "1630"]

1. Nc3 Nc6 2. d4 d5 3. Nf3 Nf6 4. Ne5 Nxe5 5. dxe5 Ne4 6. Nxe4 dxe4 7. Qxd8+
Kxd8 8. e3 Be6 9. Be2 f6 10. f3 exf3 11. Bxf3 c6 12. Bd2 g6 13. b4 b5 14. exf6
exf6 15. Bxc6 Rc8 16. Bb7 Rc7 17. Rf1 Rxb7 18. Rxf6 Bd5 19. Rd6+ Bxd6 20. Bc3
Bxg2 21. Kf2 Be4 22. Bd4 Rf8+ 23. Ke2 Bxc2 24. Kd2 Be4 25. Rc1 Rbf7 26. Rc6 Rf2+
27. Ke1 Bxb4+ 28. Kd1 Rf1+ 29. Ke2 R8f2# 0-1

[Event "Bellísima!"]
[Site "http://www.queenalice.com/game.php?id=1312982"]
[Date "2014.10.6"]
[Round "-"]
[White "Camy"]
[Black "RobertoH"]
[Result "1-0"]
[WhiteElo "1712"]
[BlackElo "1240"]

1. Nc3 e5 2. e4 Nc6 3. Nf3 Nf6 4. Bc4 d6 5. Qe2 Be6 6. Bxe6 fxe6 7. O-O Nd4 8.
Nxd4 exd4 9. e5 dxe5 10. Qxe5 Bd6 11. Qxe6+ Be7 12. Na4 Nd5 13. b3 c6 14. Re1
Nb4 15. Rb1 Nxc2 16. Rf1 g6 17. Qe5 b5 18. Qxh8+ Bf8 19. Nb2 Qd5 20. Qxh7 O-O-O
21. Qxa7 Bd6 22. Nd3 Rf8 23. Bb2 Bb8 24. Qa6+ Kd8 25. Ba3 Bd6 26. Bxd6 Qxd6 27.
Qb6+ Ke7 28. Rfe1+ Kf7 29. Qb7+ Kg8 30. Re7 Qxe7 31. Qxe7 Nb4 32. Ne5 Nd5 33.
Qh4 g5 34. Qxg5+ Kh8 35. Ng6+ Kg8 36. Qh6 Re8 37. Qh8+ Kf7 38. Qh7+ Ke6 39. Re1+
Kd6 40. Rxe8 Kc5 41. Re1 b4 42. Rc1+ Kb5 43. Qb7+ Ka5 44. Rc5# 1-0

[Event "Challenge"]
[Site "http://www.queenalice.com/game.php?id=1319443"]
[Date "2014.10.31"]
[Round "-"]
[White "Wildhagen"]
[Black "RobertoH"]
[Result "1-0"]
[WhiteElo "1456"]
[BlackElo "1238"]

1. e4 e5 2. Nf3 Nc6 3. Bc4 Qe7 4. d3 d6 5. h3 Be6 6. Bg5 Nf6 7. b3 h6 8. Bxf6
Qxf6 9. O-O Be7 10. Nc3 Nd4 11. Nd2 Bxc4 12. bxc4 O-O 13. Nd5 Qg6 14. Nxe7+ Kh8
15. Nxg6+ Kg8 16. Nxf8 Kxf8 17. Qg4 Nxc2 18. Rab1 b6 19. f4 Ne3 20. Qd7 Kg8 21.
fxe5 Nxf1 22. Rxf1 Rf8 23. Qxc7 g6 24. exd6 a5 25. d7 a4 26. d8=Q Rxd8 27. Qxd8+
Kg7 28. Qf6+ Kf8 29. Qxf7# 1-0

[Event "Challenge"]
[Site "http://www.queenalice.com/game.php?id=1320044"]
[Date "2014.11.3"]
[Round "-"]
[White "carriedani"]
[Black "RobertoH"]
[Result "1-0"]
[WhiteElo "1197"]
[BlackElo "1236"]

1. e4 e5 2. Nf3 Nc6 3. g3 Nf6 4. Nc3 Nd4 5. Nxd4 exd4 6. Nb5 a6 7. Nxd4 d6 8.
Bg2 Be6 9. O-O Be7 10. Qe2 O-O 11. d3 d5 12. Nxe6 fxe6 13. exd5 exd5 14. Bf4 Bd6
15. h4 d4 16. c3 Bc5 17. Bxb7 Rb8 18. Bxa6 dxc3 19. bxc3 Ra8 20. Bc4+ Kh8 21.
Qe5 Bd6 22. Qe2 Re8 23. Qf3 Bxf4 24. gxf4 Ra3 25. d4 Ne4 26. Bd3 Nd2 27. Qh5
Nxf1 28. Qxh7# 1-0

[Event "Mon petit choux"]
[Site "http://www.queenalice.com/game.php?id=1320051"]
[Date "2014.11.3"]
[Round "-"]
[White "RobertoH"]
[Black "Camy"]
[Result "0-1"]
[WhiteElo "1238"]
[BlackElo "1716"]

1. Nc3 e5 2. e4 Nf6 3. Nf3 Nc6 4. Bc4 d6 5. Bd5 Be6 6. O-O Bxd5 7. exd5 Nd4 8.
Nxd4 exd4 9. Qe1+ Be7 10. Ne4 O-O 11. d3 Qd7 12. Bg5 Nxe4 13. Bxe7 Qxe7 14. dxe4
c5 15. c3 dxc3 16. Qxc3 Qxe4 17. Rfe1 Qg6 18. g3 Qg4 19. Re7 Qh3 20. Kh1 Rae8
21. Rxb7 Re2 22. Rd7 Rxf2 23. Qe1 Qg2# 0-1

[Event "Challenge"]
[Site "http://www.queenalice.com/game.php?id=1320977"]
[Date "2014.11.7"]
[Round "-"]
[White "RobertoH"]
[Black "Hada"]
[Result "0-1"]
[WhiteElo "1238"]
[BlackElo "1146"]

1. d4 d5 2. Nc3 Nf6 3. Nf3 Nc6 4. e3 Ne4 5. Qe2 Bg4 6. h3 Bxf3 7. gxf3 Nxc3 8.
bxc3 e6 9. Bb2 Qd6 10. Bg2 Be7 11. f4 Bh4 12. O-O-O O-O 13. Kb1 Na5 14. Ba3 Qb6+
15. Ka1 Nc4 16. Bf3 Nxa3 17. c4 dxc4 18. c3 g6 19. Rd2 Be7 20. Rb2 Qa6 21. Bg4
f5 22. Bf3 b6 23. Rg1 Rab8 24. Rh1 Bh4 25. Bc6 Qa5 26. e4 fxe4 27. Qxe4 Bxf2 28.
Bd7 Qxc3 29. Rc1 Qxh3 30. Bxe6+ Kh8 31. Rxf2 a5 32. Rd1 c5 33. dxc5 b5 34. Qe5+
Rf6 35. Qxb8+ Kg7 36. c6 Qc3+ 37. Rb2 Rxe6 38. Rb1 Nxb1 39. Kxb1 Re1# 0-1

[Event "All wonderful!"]
[Site "http://www.queenalice.com/game.php?id=1328602"]
[Date "2014.12.16"]
[Round "-"]
[White "RobertoH"]
[Black "Hada"]
[Result "0-1"]
[WhiteElo "1236"]
[BlackElo "1223"]

1. e3 e5 2. Nf3 d6 3. Bc4 Be6 4. d3 Nc6 5. Bxe6 fxe6 6. O-O Nf6 7. e4 Qe7 8. Nc3
Nd4 9. Nxd4 exd4 10. Ne2 e5 11. Bd2 O-O-O 12. Bb4 Qe6 13. Qd2 Nh5 14. Ng3 g6 15.
a3 h6 16. c3 Be7 17. cxd4 exd4 18. Qc2 c6 19. Rfe1 Nxg3 20. fxg3 h5 0-1

[Event "El JUEGOO"]
[Site "http://www.queenalice.com/game.php?id=1330224"]
[Date "2014.12.23"]
[Round "-"]
[White "agcarlon"]
[Black "RobertoH"]
[Result "1-0"]
[WhiteElo "1599"]
[BlackElo "1218"]

1. e4 e5 2. f4 d6 3. Bc4 Be6 4. d3 exf4 5. Bxf4 Bxc4 6. dxc4 Be7 7. Nf3 h6 8.
O-O Nf6 9. e5 dxe5 10. Qxd8+ Kxd8 11. Nxe5 Rf8 12. Nc3 Nc6 13. Rad1+ Bd6 14. Nb5
a6 15. Nxd6 cxd6 16. Rxd6+ Ke7 17. Nxc6+ bxc6 18. Re1+ Ne4 19. Rxe4# 1-0

[Event "El JUEGOO"]
[Site "http://www.queenalice.com/game.php?id=1330225"]
[Date "2014.12.23"]
[Round "-"]
[White "RobertoH"]
[Black "agcarlon"]
[Result "0-1"]
[WhiteElo "1216"]
[BlackElo "1578"]

1. e4 c5 2. Nc3 e6 3. Bc4 Nc6 4. Nf3 Nf6 5. d3 Be7 6. O-O b6 7. Be3 Qc7 8. Bg5
Nb4 9. a3 h6 10. Bxf6 Bxf6 11. axb4 d5 12. exd5 Qe7 13. bxc5 bxc5 14. dxe6 Bxe6
15. Re1 O-O 16. h3 Qb7 17. Nb5 Rfd8 18. Bxe6 fxe6 19. c4 a6 20. Nc3 Qxb2 21. Ne4
Bd4 0-1

[Event "Challenge"]
[Site "http://www.queenalice.com/game.php?id=1330986"]
[Date "2014.12.27"]
[Round "-"]
[White "RobertoH"]
[Black "fenix40rj"]
[Result "0-1"]
[WhiteElo "1226"]
[BlackElo "1490"]

1. Nc3 Nf6 2. Nf3 Nc6 3. d4 d5 4. Bf4 Bf5 5. Ne5 Qd6 6. a3 Nxe5 7. dxe5 Qb6 8.
b3 Ng4 9. Be3 c5 10. Nxd5 Qc6 11. c4 e6 12. h3 Nxe5 13. g4 Be4 14. Rg1 exd5 15.
f3 d4 16. fxe4 dxe3 17. Bg2 Bd6 18. Bf3 O-O-O 19. g5 Qc7 20. Bg4+ Nxg4 21. hxg4
Bg3+ 22. Kf1 Rxd1+ 0-1

[Event "Challenge"]
[Site "http://www.queenalice.com/game.php?id=1331517"]
[Date "2014.12.29"]
[Round "-"]
[White "aparicio"]
[Black "RobertoH"]
[Result "1-0"]
[WhiteElo "1181"]
[BlackElo "1226"]

1. e4 e5 2. g3 Nf6 3. f3 Nc6 4. Bc4 Qe7 5. Ne2 d6 6. d4 exd4 7. c3 dxc3 8. bxc3
Be6 9. Qd3 Bxc4 10. Qxc4 O-O-O 11. Na3 Kb8 12. Be3 h6 13. Qa4 a6 14. Rb1 Qd7 15.
O-O Qh3 16. Rfd1 Be7 17. Nf4 Qd7 18. Rxb7+ Kxb7 19. Rb1+ Kc8 20. Qxa6# 1-0

[Event "Challenge"]
[Site "http://www.queenalice.com/game.php?id=1352997"]
[Date "2015.4.11"]
[Round "-"]
[White "fenix40rj"]
[Black "RobertoH"]
[Result "1-0"]
[WhiteElo "1470"]
[BlackElo "1225"]

1. Nf3 Nf6 2. e3 Nc6 3. d4 d5 4. c4 dxc4 5. Bxc4 Be6 6. Bb3 Bxb3 7. Qxb3 Qc8 8.
Ng5 e6 9. Nc3 Qd7 10. O-O Nd5 11. Nb5 a6 12. Nc3 h6 13. e4 hxg5 14. exd5 1-0